00697cam a22001692a 4500001001300000003000400013005001700017008004100034010003100075040001800106050001600124100003900140245010600179260009000285300001900375600013300394ca 15000191 DLC20260227111059.0860212m17931794ru 000 0druso  aca 15000191 z 59059611  aDLCcDLCdDLC00aDK70.S6bB61 aBoltin, Ivan Nikitich,d1735-1792.10aKriticheskīi͡a primi͡echanīi͡a na pervyĭ [-vtoroĭ] tom Istorīi kni͡azi͡a Shcherbatova. aV Sanktpeterburgi͡e :bV Tip. Korpusa chuzhestrannykh edinovi͡ert͡sov,c1793-1794. a2 v. ;c26 cm.10aShcherbatov, M. M.q(Mikhail Mikhaĭlovich),ckni͡azʹ,d1733-1790.tIstorii͡a rossīĭskai͡a ot drevni͡eshikh vremi͡an.